[Event "Villarobledo Online Qualifyer"]
[Site "playchess.com #155672"]
[Date "2009.05.23"]
[Round "12"]
[White "Africanchamp"]
[Black "Ozmarabagi"]
[Result "1-0"]
[WhiteElo "2865"]
[BlackElo "1969"]
[PlyCount "129"]
[EventDate "2009.05.23"]
[EventType "swiss (blitz)"]

1. e4 {[%emt 0:00:04]} c5 {[%emt 0:00:07]} 2. Nf3 {[%emt 0:00:01]} Nc6 {[%emt
0:00:05]} 3. d4 {[%emt 0:00:01]} cxd4 {[%emt 0:00:04]} 4. Nxd4 {[%emt 0:00:00]}
g6 {[%emt 0:00:04]} 5. Nc3 {[%emt 0:00:01]} Bg7 {[%emt 0:00:05]} 6. Nde2 {
[%emt 0:00:01]} d6 {[%emt 0:00:11]} 7. h3 {[%emt 0:00:04]} Nf6 {[%emt 0:00:06]}
8. g3 {[%emt 0:00:01]} Qb6 {[%emt 0:00:05]} 9. Bg2 {[%emt 0:00:01]} Bd7 {[%emt
0:00:09]} 10. O-O {[%emt 0:00:01]} O-O {[%emt 0:00:16]} 11. Kh2 {[%emt 0:00:02]
} Ne5 {[%emt 0:00:05]} 12. b3 {[%emt 0:00:15]} Rfc8 {[%emt 0:00:05]} 13. Rb1 {
[%emt 0:00:04]} Qc7 {[%emt 0:00:05]} 14. Bb2 {[%emt 0:00:08]} Qa5 {[%emt 0:00:
05]} 15. a4 {[%emt 0:00:07]} Qc5 {[%emt 0:00:06]} 16. Rc1 {[%emt 0:00:07]} Bh6
{[%emt 0:00:05]} 17. f4 {[%emt 0:00:10]} Neg4+ {[%emt 0:00:15]} 18. Kh1 {[%emt
0:00:01]} Ne3 {[%emt 0:00:06]} 19. Qd3 {[%emt 0:00:02]} Nxf1 {[%emt 0:00:04]}
20. Rxf1 {[%emt 0:00:00]} Qh5 {[%emt 0:00:07]} 21. f5 {[%emt 0:00:07]} gxf5 {
[%emt 0:00:05]} 22. exf5 {[%emt 0:00:07]} Bc6 {[%emt 0:00:05]} 23. Kg1 {[%emt
0:00:05]} Re8 {[%emt 0:00:06]} 24. g4 {[%emt 0:00:09]} Qh4 {[%emt 0:00:05]} 25.
Bxc6 {[%emt 0:00:10]} bxc6 {[%emt 0:00:05]} 26. Kg2 {[%emt 0:00:01]} c5 {[%emt
0:00:04]} 27. Ng3 {[%emt 0:00:02]} Bg7 {[%emt 0:00:05]} 28. Bc1 {[%emt 0:00:05]
} Nd7 {[%emt 0:00:05]} 29. Nd5 {[%emt 0:00:03]} Rab8 {[%emt 0:00:05]} 30. f6 {
[%emt 0:00:15]} Ne5 {[%emt 0:00:06]} 31. Qd1 {[%emt 0:00:13]} e6 {[%emt 0:00:
06]} 32. fxg7 {[%emt 0:00:10]} exd5 {[%emt 0:00:04]} 33. Nf5 {[%emt 0:00:01]}
Qd8 {[%emt 0:00:05]} 34. Qxd5 {[%emt 0:00:04]} Re6 {[%emt 0:00:05]} 35. Bf4 {
[%emt 0:00:09]} Qf6 {[%emt 0:00:05]} 36. Nh6+ {[%emt 0:00:14]} Kxg7 {[%emt 0:
00:05]} 37. g5 {[%emt 0:00:04]} Qg6 {[%emt 0:00:05]} 38. Bxe5+ {[%emt 0:00:09]}
Rxe5 {[%emt 0:00:04]} 39. Qxf7+ {[%emt 0:00:01]} Qxf7 {[%emt 0:00:06]} 40.
Rxf7+ {[%emt 0:00:01]} Kg6 {[%emt 0:00:04]} 41. h4 {[%emt 0:00:02]} Re2+ {
[%emt 0:00:05]} 42. Kf3 {[%emt 0:00:01]} Rxc2 {[%emt 0:00:03]} 43. Rf6+ {[%emt
0:00:23]} Kg7 {[%emt 0:00:06]} 44. Nf5+ {[%emt 0:00:03]} Kg8 {[%emt 0:00:07]}
45. Rxd6 {[%emt 0:00:12]} Rxb3+ {[%emt 0:00:02]} 46. Kg4 {[%emt 0:00:01]} Rg2+
{[%emt 0:00:02]} 47. Kh5 {[%emt 0:00:01]} Rf3 {[%emt 0:00:06]} 48. Nh6+ {[%emt
0:00:02]} Kg7 {[%emt 0:00:02]} 49. Rd7+ {[%emt 0:00:01]} Kf8 {[%emt 0:00:02]}
50. Rxa7 {[%emt 0:00:01]} Rf4 {[%emt 0:00:03]} 51. Rxh7 {[%emt 0:00:10]} Rh2 {
[%emt 0:00:02]} 52. Ng4 {[%emt 0:00:01]} Rg2 {[%emt 0:00:03]} 53. Ne5 {[%emt 0:
00:02]} Rh2 {[%emt 0:00:03]} 54. Ng6+ {[%emt 0:00:02]} Kg8 {[%emt 0:00:03]} 55.
Rc7 {[%emt 0:00:02]} Rd4 {[%emt 0:00:04]} 56. Rxc5 {[%emt 0:00:02]} Rd6 {[%emt
0:00:02]} 57. Rc7 {[%emt 0:00:05]} Ra2 {[%emt 0:00:02]} 58. Kh6 {[%emt 0:00:03]
} Rxg6+ {[%emt 0:00:04]} 59. Kxg6 {[%emt 0:00:01]} Kf8 {[%emt 0:00:01]} 60. h5
{[%emt 0:00:01]} Rxa4 {[%emt 0:00:02]} 61. h6 {[%emt 0:00:01]} Ra6+ {[%emt 0:
00:01]} 62. Kh5 {[%emt 0:00:01]} Kg8 {[%emt 0:00:02]} 63. Rc5 {[%emt 0:00:02]}
Kf7 {[%emt 0:00:02]} 64. g6+ {[%emt 0:00:02]} Kg8 {[%emt 0:00:02]} 65. Rc8# {
[%emt 0:00:02]} 1-0

[Event "Villarobledo Online Qualifyer"]
[Site "playchess.com #155672"]
[Date "2009.05.23"]
[Round "12"]
[White "Lupi_linares"]
[Black "Hakem_II"]
[Result "1-0"]
[WhiteElo "1808"]
[BlackElo "1911"]
[PlyCount "105"]
[EventDate "2009.05.23"]
[EventType "swiss (blitz)"]

1. d4 {[%emt 0:00:02]} d5 {[%emt 0:00:02]} 2. c4 {[%emt 0:00:01]} c6 {[%emt 0:
00:02]} 3. Nc3 {[%emt 0:00:01]} Nf6 {[%emt 0:00:01]} 4. Nf3 {[%emt 0:00:01]} e6
{[%emt 0:00:02]} 5. cxd5 {[%emt 0:00:01]} cxd5 {[%emt 0:00:01]} 6. Bg5 {[%emt
0:00:02]} Be7 {[%emt 0:00:01]} 7. e3 {[%emt 0:00:02]} O-O {[%emt 0:00:01]} 8.
Be2 {[%emt 0:00:01]} Nbd7 {[%emt 0:00:01]} 9. O-O {[%emt 0:00:01]} a6 {[%emt 0:
00:00]} 10. a4 {[%emt 0:00:02]} b6 {[%emt 0:00:03]} 11. Qb3 {[%emt 0:00:04]}
Bb7 {[%emt 0:00:03]} 12. Rac1 {[%emt 0:00:08]} Ne4 {[%emt 0:00:11]} 13. Bf4 {
[%emt 0:00:02]} Rc8 {[%emt 0:00:14]} 14. Nxe4 {[%emt 0:00:13]} dxe4 {[%emt 0:
00:01]} 15. Nd2 {[%emt 0:00:02]} Nf6 {[%emt 0:00:45]} 16. Nc4 {[%emt 0:00:11]}
Bd5 {[%emt 0:00:07]} 17. Qxb6 {[%emt 0:00:07]} Qd7 {[%emt 0:00:32]} 18. Ne5 {
[%emt 0:00:04]} Qxa4 {[%emt 0:00:10]} 19. Qxa6 {[%emt 0:00:23]} Qb3 {[%emt 0:
00:24]} 20. Rxc8 {[%emt 0:00:06]} Qxb2 {[%emt 0:00:07]} 21. Rxf8+ {[%emt 0:00:
02]} Bxf8 {[%emt 0:00:01]} 22. Qb5 {[%emt 0:00:04]} Qd2 {[%emt 0:00:05]} 23.
Rd1 {[%emt 0:00:09]} Qa2 {[%emt 0:00:03]} 24. Qa6 {[%emt 0:00:24]} Qc2 {[%emt
0:00:05]} 25. Qa7 {[%emt 0:00:07]} h6 {[%emt 0:00:04]} 26. Qxf7+ {[%emt 0:00:
03]} Kh7 {[%emt 0:00:02]} 27. Qg6+ {[%emt 0:00:15]} Kg8 {[%emt 0:00:05]} 28.
Kf1 {[%emt 0:00:11]} Bb4 {[%emt 0:00:11]} 29. Bxh6 {[%emt 0:00:04]} Bf8 {[%emt
0:00:10]} 30. Qf7+ {[%emt 0:00:20]} Kh7 {[%emt 0:00:03]} 31. Bg5 {[%emt 0:00:
09]} Bb3 {[%emt 0:00:22]} 32. Bxf6 {[%emt 0:00:11] .} Qc8 {[%emt 0:00:02]} 33.
Qg6+ {[%emt 0:00:12]} Kg8 {[%emt 0:00:02]} 34. Re1 {[%emt 0:00:16]} Bd5 {[%emt
0:00:05]} 35. Bh5 {[%emt 0:00:04]} Bb3 {[%emt 0:00:02]} 36. Qf7+ {[%emt 0:00:
02]} Kh7 {[%emt 0:00:00]} 37. Bg6+ {[%emt 0:00:01]} Kh8 {[%emt 0:00:00]} 38.
Bxe4 {[%emt 0:00:04]} Bd5 {[%emt 0:00:01]} 39. Qxe6 {[%emt 0:00:02]} Bxe6 {
[%emt 0:00:01]} 40. Ng6+ {[%emt 0:00:01]} Kg8 {[%emt 0:00:01]} 41. Nxf8 {[%emt
0:00:01]} Bc4+ {[%emt 0:00:00]} 42. Kg1 {[%emt 0:00:02]} Kxf8 {[%emt 0:00:00]}
43. Be5 {[%emt 0:00:02]} Kg8 {[%emt 0:00:01]} 44. Ra1 {[%emt 0:00:01]} Bf7 {
[%emt 0:00:01]} 45. Ra8 {[%emt 0:00:02]} Qxa8 {[%emt 0:00:01]} 46. Bxa8 {[%emt
0:00:01]} g6 {[%emt 0:00:02]} 47. Bf6 {[%emt 0:00:03]} Kf8 {[%emt 0:00:02]} 48.
d5 {[%emt 0:00:01]} Ke8 {[%emt 0:00:00]} 49. Bc6+ {[%emt 0:00:02]} Kf8 {[%emt
0:00:01]} 50. d6 {[%emt 0:00:01]} Be6 {[%emt 0:00:02]} 51. d7 {[%emt 0:00:01]}
Bxd7 {[%emt 0:00:01]} 52. Bxd7 {[%emt 0:00:01]} Kf7 {[%emt 0:00:00]} 53. Bg5 {
[%emt 0:00:05] Hakem_II rinde} 1-0

[Event "Villarobledo Online Qualifyer"]
[Site "playchess.com #155672"]
[Date "2009.05.23"]
[Round "12"]
[White "CubaChessPraxis"]
[Black "Kakaku"]
[Result "1/2-1/2"]
[WhiteElo "2095"]
[BlackElo "1865"]
[PlyCount "175"]
[EventDate "2009.05.23"]
[EventType "swiss (blitz)"]

1. d4 {[%emt 0:00:13]} d5 {[%emt 0:00:03]} 2. c4 {[%emt 0:00:02]} e6 {[%emt 0:
00:01]} 3. Nc3 {[%emt 0:00:02]} Nf6 {[%emt 0:00:01]} 4. cxd5 {[%emt 0:00:02]}
exd5 {[%emt 0:00:02]} 5. Bg5 {[%emt 0:00:01]} Be7 {[%emt 0:00:02]} 6. e3 {
[%emt 0:00:01]} c6 {[%emt 0:00:05]} 7. Bd3 {[%emt 0:00:01]} O-O {[%emt 0:00:01]
} 8. Qc2 {[%emt 0:00:01]} h6 {[%emt 0:00:01]} 9. Bh4 {[%emt 0:00:02]} Be6 {
[%emt 0:00:05]} 10. Nf3 {[%emt 0:00:02]} Nbd7 {[%emt 0:00:01]} 11. O-O {[%emt
0:00:01]} Nh5 {[%emt 0:00:15]} 12. Bxe7 {[%emt 0:00:07]} Qxe7 {[%emt 0:00:04]}
13. b4 {[%emt 0:00:02]} f5 {[%emt 0:00:34]} 14. Rab1 {[%emt 0:00:07]} f4 {
[%emt 0:00:04]} 15. e4 {[%emt 0:00:01]} g5 {[%emt 0:00:09]} 16. exd5 {[%emt 0:
00:08]} cxd5 {[%emt 0:00:01]} 17. Rfe1 {[%emt 0:00:02]} Qf6 {[%emt 0:00:18]}
18. Ne5 {[%emt 0:00:04]} Nxe5 {[%emt 0:00:25]} 19. Rxe5 {[%emt 0:00:03]} f3 {
[%emt 0:00:07]} 20. g3 {[%emt 0:00:10]} Rac8 {[%emt 0:00:08]} 21. Qd2 {[%emt 0:
00:04]} Rfd8 {[%emt 0:00:07]} 22. Rbe1 {[%emt 0:00:03]} Ng7 {[%emt 0:00:04]}
23. Nd1 {[%emt 0:00:05]} Rc7 {[%emt 0:00:12]} 24. Qe3 {[%emt 0:00:04]} Bf7 {
[%emt 0:00:16]} 25. h3 {[%emt 0:00:13]} b6 {[%emt 0:00:23]} 26. Kh2 {[%emt 0:
00:02]} Re8 {[%emt 0:00:14]} 27. Bb5 {[%emt 0:00:11] .} Rxe5 {[%emt 0:00:02]}
28. dxe5 {[%emt 0:00:02]} Qe7 {[%emt 0:00:02]} 29. Bd3 {[%emt 0:00:06]} Be6 {
[%emt 0:00:02]} 30. Qd4 {[%emt 0:00:04]} h5 {[%emt 0:00:03]} 31. Ne3 {[%emt 0:
00:02]} h4 {[%emt 0:00:01]} 32. Nxd5 {[%emt 0:00:03]} Bxd5 {[%emt 0:00:02]} 33.
Qxd5+ {[%emt 0:00:02]} Kh8 {[%emt 0:00:01]} 34. g4 {[%emt 0:00:04]} Qf8 {[%emt
0:00:07]} 35. Qe4 {[%emt 0:00:04]} Ne6 {[%emt 0:00:03]} 36. Qf5 {[%emt 0:00:04]
} Qxf5 {[%emt 0:00:01]} 37. gxf5 {[%emt 0:00:01]} Nf4 {[%emt 0:00:00]} 38. Be4
{[%emt 0:00:04]} Rc2 {[%emt 0:00:02]} 39. Rf1 {[%emt 0:00:09]} Rxa2 {[%emt 0:
00:02]} 40. e6 {[%emt 0:00:02]} Kg7 {[%emt 0:00:02]} 41. e7 {[%emt 0:00:03]}
Kf7 {[%emt 0:00:01]} 42. f6 {[%emt 0:00:00]} Re2 {[%emt 0:00:02]} 43. Bxf3 {
[%emt 0:00:02]} Re5 {[%emt 0:00:02]} 44. Bd1 {[%emt 0:00:02]} Kxf6 {[%emt 0:00:
01]} 45. Bg4 {[%emt 0:00:05]} Rxe7 {[%emt 0:00:01]} 46. b5 {[%emt 0:00:01]} Re5
{[%emt 0:00:01]} 47. Rb1 {[%emt 0:00:01]} Nd3 {[%emt 0:00:02]} 48. Kg2 {[%emt
0:00:03]} Nc5 {[%emt 0:00:02]} 49. Ra1 {[%emt 0:00:02]} Re7 {[%emt 0:00:02]}
50. Ra3 {[%emt 0:00:03]} Ke5 {[%emt 0:00:02]} 51. Re3+ {[%emt 0:00:02]} Kd6 {
[%emt 0:00:01]} 52. Rf3 {[%emt 0:00:01]} a6 {[%emt 0:00:06]} 53. Rf6+ {[%emt 0:
00:01]} Kc7 {[%emt 0:00:01]} 54. Rc6+ {[%emt 0:00:05]} Kb7 {[%emt 0:00:01]} 55.
Bf3 {[%emt 0:00:01]} Ka7 {[%emt 0:00:04]} 56. bxa6 {[%emt 0:00:02]} Kxa6 {
[%emt 0:00:01]} 57. Rg6 {[%emt 0:00:02]} Re5 {[%emt 0:00:02]} 58. Bc6 {[%emt 0:
00:01]} Ka5 {[%emt 0:00:01]} 59. Bf3 {[%emt 0:00:03]} b5 {[%emt 0:00:01]} 60.
Rg8 {[%emt 0:00:02]} Kb4 {[%emt 0:00:01]} 61. Rb8 {[%emt 0:00:01]} Nd3 {[%emt
0:00:02]} 62. Bc6 {[%emt 0:00:05]} Nf4+ {[%emt 0:00:03]} 63. Kf3 {[%emt 0:00:
02]} Nxh3 {[%emt 0:00:05]} 64. Bd7 {[%emt 0:00:03]} Nf4 {[%emt 0:00:03]} 65.
Kg4 {[%emt 0:00:01]} h3 {[%emt 0:00:01]} 66. Kg3 {[%emt 0:00:01]} Rd5 {[%emt 0:
00:03]} 67. Bc6 {[%emt 0:00:02]} Rd3+ {[%emt 0:00:01]} 68. f3 {[%emt 0:00:01]}
h2 {[%emt 0:00:02]} 69. Rxb5+ {[%emt 0:00:02]} Kc3 {[%emt 0:00:01]} 70. Kxh2 {
[%emt 0:00:02]} Rd2+ {[%emt 0:00:01]} 71. Kh1 {[%emt 0:00:06]} Kd4 {[%emt 0:00:
03]} 72. Be4 {[%emt 0:00:03]} Ke3 {[%emt 0:00:02]} 73. Rxg5 {[%emt 0:00:05]}
Rd1+ {[%emt 0:00:02]} 74. Kh2 {[%emt 0:00:02]} Rd2+ {[%emt 0:00:01]} 75. Kh1 {
[%emt 0:00:03]} Rd1+ {[%emt 0:00:01]} 76. Rg1 {[%emt 0:00:01]} Rd8 {[%emt 0:00:
05]} 77. Ra1 {[%emt 0:00:07]} Kf2 {[%emt 0:00:02]} 78. Ra2+ {[%emt 0:00:07]}
Ne2 {[%emt 0:00:01]} 79. Ra7 {[%emt 0:00:18]} Ng3+ {[%emt 0:00:05]} 80. Kh2 {
[%emt 0:00:02]} Rh8+ {[%emt 0:00:02]} 81. Rh7 {[%emt 0:00:03]} Nf1+ {[%emt 0:
00:01]} 82. Kh3 {[%emt 0:00:02]} Rxh7+ {[%emt 0:00:01]} 83. Bxh7 {[%emt 0:00:
02]} Kxf3 {[%emt 0:00:00]} 84. Kh4 {[%emt 0:00:04]} Ke3 {[%emt 0:00:01]} 85.
Kg5 {[%emt 0:00:01]} Nd2 {[%emt 0:00:00]} 86. Bf5 {[%emt 0:00:01]} Nf3+ {[%emt
0:00:00]} 87. Kf6 {[%emt 0:00:02]} Nd4 {[%emt 0:00:00] Kakaku offers a draw}
88. Ke5 {[%emt 0:00:02] Arbiter Decision (Draw by material)} 1/2-1/2

[Event "Villarobledo Online Qualifyer"]
[Site "playchess.com #155672"]
[Date "2009.05.23"]
[Round "12"]
[White "Acedrex"]
[Black "GMsKoRPioN"]
[Result "0-1"]
[WhiteElo "2163"]
[BlackElo "2464"]
[PlyCount "186"]
[EventDate "2009.05.23"]
[EventType "swiss (blitz)"]

1. e4 {[%emt 0:00:03]} d6 {[%emt 0:00:02]} 2. d4 {[%emt 0:00:01]} g6 {[%emt 0:
00:05]} 3. Nc3 {[%emt 0:00:04]} Bg7 {[%emt 0:00:02]} 4. Nf3 {[%emt 0:00:01]}
Nf6 {[%emt 0:00:03]} 5. Be2 {[%emt 0:00:01]} O-O {[%emt 0:00:03]} 6. O-O {
[%emt 0:00:01]} c6 {[%emt 0:00:01]} 7. a4 {[%emt 0:00:02]} a5 {[%emt 0:00:03]}
8. Be3 {[%emt 0:00:09]} Bg4 {[%emt 0:00:18]} 9. h3 {[%emt 0:00:07]} Bxf3 {
[%emt 0:00:02]} 10. Bxf3 {[%emt 0:00:01]} Nbd7 {[%emt 0:00:00]} 11. Re1 {[%emt
0:00:07]} e5 {[%emt 0:00:00]} 12. Qd2 {[%emt 0:00:12]} Qe7 {[%emt 0:00:03]} 13.
Rad1 {[%emt 0:00:04]} Rfd8 {[%emt 0:00:08]} 14. d5 {[%emt 0:00:10]} cxd5 {
[%emt 0:00:04]} 15. Nxd5 {[%emt 0:00:03]} Nxd5 {[%emt 0:00:02]} 16. Qxd5 {
[%emt 0:00:01]} Nf6 {[%emt 0:00:02]} 17. Qb3 {[%emt 0:00:06]} Rdc8 {[%emt 0:00:
17]} 18. Rd2 {[%emt 0:00:02]} Rc6 {[%emt 0:00:04]} 19. Red1 {[%emt 0:00:02]}
Bf8 {[%emt 0:00:05]} 20. Bg5 {[%emt 0:00:08]} Bg7 {[%emt 0:00:08]} 21. c3 {
[%emt 0:00:06]} h6 {[%emt 0:00:01]} 22. Be3 {[%emt 0:00:02]} Bf8 {[%emt 0:00:
02]} 23. Qc2 {[%emt 0:00:26]} Nd7 {[%emt 0:00:23]} 24. Be2 {[%emt 0:00:05]} Qe6
{[%emt 0:00:43]} 25. Bb5 {[%emt 0:00:07]} Rc7 {[%emt 0:00:01]} 26. Qd3 {[%emt
0:00:08]} Nc5 {[%emt 0:00:01]} 27. Bxc5 {[%emt 0:00:14]} Rxc5 {[%emt 0:00:00]}
28. b4 {[%emt 0:00:21]} Rc7 {[%emt 0:00:02]} 29. bxa5 {[%emt 0:00:05]} Rxa5 {
[%emt 0:00:03]} 30. c4 {[%emt 0:00:01]} Ra8 {[%emt 0:00:02]} 31. Rb1 {[%emt 0:
00:06]} Kg7 {[%emt 0:00:02]} 32. Qc3 {[%emt 0:00:08]} Be7 {[%emt 0:00:04]} 33.
f4 {[%emt 0:00:04]} Bf6 {[%emt 0:00:03]} 34. f5 {[%emt 0:00:06]} gxf5 {[%emt 0:
00:04]} 35. exf5 {[%emt 0:00:01]} Qxf5 {[%emt 0:00:01]} 36. Rf1 {[%emt 0:00:01]
} Qe6 {[%emt 0:00:11]} 37. Rdf2 {[%emt 0:00:01]} Bg5 {[%emt 0:00:04]} 38. Qf3 {
[%emt 0:00:10]} Rf8 {[%emt 0:00:06]} 39. Kh1 {[%emt 0:00:06]} f5 {[%emt 0:00:
03]} 40. Rd1 {[%emt 0:00:17]} e4 {[%emt 0:00:02]} 41. Qc3+ {[%emt 0:00:02]} Qe5
{[%emt 0:00:08]} 42. Qxe5+ {[%emt 0:00:09]} dxe5 {[%emt 0:00:00]} 43. Rd5 {
[%emt 0:00:01]} e3 {[%emt 0:00:06]} 44. Re2 {[%emt 0:00:01]} e4 {[%emt 0:00:02]
} 45. Bd7 {[%emt 0:00:03]} f4 {[%emt 0:00:02]} 46. Bg4 {[%emt 0:00:04]} f3 {
[%emt 0:00:01]} 47. Re1 {[%emt 0:00:03]} e2 {[%emt 0:00:07]} 48. gxf3 {[%emt 0:
00:04]} exf3 {[%emt 0:00:00]} 49. Bxf3 {[%emt 0:00:01]} Rxf3 {[%emt 0:00:00]}
50. Rxe2 {[%emt 0:00:00]} Rxh3+ {[%emt 0:00:01]} 51. Kg2 {[%emt 0:00:01]} Rc3 {
[%emt 0:00:03]} 52. c5 {[%emt 0:00:04]} R3xc5 {[%emt 0:00:01]} 53. Rd4 {[%emt
0:00:03]} Rc2 {[%emt 0:00:04]} 54. Rxc2 {[%emt 0:00:03]} Rxc2+ {[%emt 0:00:00]}
55. Kf3 {[%emt 0:00:00]} Rb2 {[%emt 0:00:02]} 56. Kg4 {[%emt 0:00:01]} Rb6 {
[%emt 0:00:03]} 57. Kf5 {[%emt 0:00:01]} Rf6+ {[%emt 0:00:04]} 58. Ke5 {[%emt
0:00:01]} Rf7 {[%emt 0:00:02]} 59. Ke6 {[%emt 0:00:02]} Re7+ {[%emt 0:00:02]}
60. Kf5 {[%emt 0:00:01]} Rc7 {[%emt 0:00:03]} 61. Re4 {[%emt 0:00:04]} Rc5+ {
[%emt 0:00:03]} 62. Kg4 {[%emt 0:00:01]} Kf6 {[%emt 0:00:04]} 63. Rb4 {[%emt 0:
00:01]} Rc7 {[%emt 0:00:02]} 64. Rb6+ {[%emt 0:00:01]} Kg7 {[%emt 0:00:01]} 65.
a5 {[%emt 0:00:02]} Rf7 {[%emt 0:00:04]} 66. a6 {[%emt 0:00:02]} bxa6 {[%emt 0:
00:01]} 67. Rxa6 {[%emt 0:00:01]} Rc7 {[%emt 0:00:02]} 68. Ra4 {[%emt 0:00:02]}
Rc6 {[%emt 0:00:01]} 69. Re4 {[%emt 0:00:03]} Kg6 {[%emt 0:00:01]} 70. Kh3 {
[%emt 0:00:02]} h5 {[%emt 0:00:01]} 71. Ra4 {[%emt 0:00:02]} Rc3+ {[%emt 0:00:
01]} 72. Kg2 {[%emt 0:00:00]} h4 {[%emt 0:00:02]} 73. Ra2 {[%emt 0:00:03]} Kh5
{[%emt 0:00:01]} 74. Ra4 {[%emt 0:00:01]} Rg3+ {[%emt 0:00:02]} 75. Kh2 {[%emt
0:00:01]} Rb3 {[%emt 0:00:01]} 76. Kg2 {[%emt 0:00:01]} Bf6 {[%emt 0:00:04]}
77. Re4 {[%emt 0:00:02]} Kg5 {[%emt 0:00:02]} 78. Ra4 {[%emt 0:00:03]} Be5 {
[%emt 0:00:01]} 79. Re4 {[%emt 0:00:02]} Bf4 {[%emt 0:00:01]} 80. Kh1 {[%emt 0:
00:03]} Kg4 {[%emt 0:00:01]} 81. Re1 {[%emt 0:00:02]} h3 {[%emt 0:00:03]} 82.
Rg1+ {[%emt 0:00:02]} Bg3 {[%emt 0:00:01]} 83. Ra1 {[%emt 0:00:02]} Rb2 {[%emt
0:00:01]} 84. Rc1 {[%emt 0:00:04]} Rh2+ {[%emt 0:00:07]} 85. Kg1 {[%emt 0:00:
01]} Rg2+ {[%emt 0:00:00]} 86. Kh1 {[%emt 0:00:01]} Re2 {[%emt 0:00:02]} 87.
Ra1 {[%emt 0:00:02]} Bf4 {[%emt 0:00:02]} 88. Rg1+ {[%emt 0:00:02]} Kh4 {[%emt
0:00:05]} 89. Ra1 {[%emt 0:00:05]} Be3 {[%emt 0:00:02]} 90. Rf1 {[%emt 0:00:04]
} Bf2 {[%emt 0:00:09]} 91. Ra1 {[%emt 0:00:05]} Kg3 {[%emt 0:00:05]} 92. Ra3+ {
[%emt 0:00:01]} Be3 {[%emt 0:00:01]} 93. Ra2 {[%emt 0:00:08]} Re1# {[%emt 0:00:
02]} 0-1

[Event "Villarobledo Online Qualifyer"]
[Site "playchess.com #155672"]
[Date "2009.05.23"]
[Round "12"]
[White "Miras"]
[Black "Byrdmanjr"]
[Result "1-0"]
[WhiteElo "1724"]
[BlackElo "1959"]
[PlyCount "135"]
[EventDate "2009.05.23"]
[EventType "swiss (blitz)"]

1. e4 {[%emt 0:00:00]} e5 {[%emt 0:00:01]} 2. Nf3 {[%emt 0:00:01]} Nc6 {[%emt
0:00:01]} 3. Bb5 {[%emt 0:00:00]} a6 {[%emt 0:00:00]} 4. Ba4 {[%emt 0:00:00]}
Nf6 {[%emt 0:00:01]} 5. O-O {[%emt 0:00:00]} b5 {[%emt 0:00:01]} 6. Bb3 {[%emt
0:00:01]} Bb7 {[%emt 0:00:00]} 7. Re1 {[%emt 0:00:04]} Bc5 {[%emt 0:00:02]} 8.
c3 {[%emt 0:00:02]} O-O {[%emt 0:00:01]} 9. d4 {[%emt 0:00:03]} Bb6 {[%emt 0:
00:01]} 10. Be3 {[%emt 0:00:17]} d6 {[%emt 0:00:31]} 11. Nbd2 {[%emt 0:00:05]}
Ng4 {[%emt 0:00:06]} 12. Bg5 {[%emt 0:00:30]} Nf6 {[%emt 0:00:02]} 13. Be3 {
[%emt 0:00:02]} h6 {[%emt 0:00:02]} 14. h3 {[%emt 0:00:03]} Na5 {[%emt 0:00:05]
} 15. Bc2 {[%emt 0:00:02]} Nc4 {[%emt 0:00:08]} 16. Nxc4 {[%emt 0:00:02]} bxc4
{[%emt 0:00:00]} 17. dxe5 {[%emt 0:00:05]} dxe5 {[%emt 0:00:12]} 18. Nxe5 {
[%emt 0:00:07]} Qxd1 {[%emt 0:00:06]} 19. Raxd1 {[%emt 0:00:02]} Rae8 {[%emt 0:
00:04]} 20. Nxc4 {[%emt 0:00:02]} Bxe3 {[%emt 0:00:01]} 21. Rxe3 {[%emt 0:00:
02]} Nxe4 {[%emt 0:00:02]} 22. Rde1 {[%emt 0:00:05]} Nf6 {[%emt 0:00:08]} 23.
Rxe8 {[%emt 0:00:04]} Nxe8 {[%emt 0:00:00]} 24. Re7 {[%emt 0:00:04]} Bd5 {
[%emt 0:00:20]} 25. Ne5 {[%emt 0:00:44]} Nf6 {[%emt 0:00:35]} 26. c4 {[%emt 0:
00:12]} Ba8 {[%emt 0:00:11]} 27. Rxc7 {[%emt 0:00:09]} Re8 {[%emt 0:00:02]} 28.
Nxf7 {[%emt 0:00:11]} Re1+ {[%emt 0:00:02]} 29. Kh2 {[%emt 0:00:01]} Re2 {
[%emt 0:00:04]} 30. Bg6 {[%emt 0:00:05]} Ne8 {[%emt 0:00:10]} 31. Rc8 {[%emt 0:
00:05]} Bb7 {[%emt 0:00:03]} 32. Rb8 {[%emt 0:00:01]} Re6 {[%emt 0:00:24]} 33.
Rxb7 {[%emt 0:00:48] .} Rxg6 {[%emt 0:00:08]} 34. Ne5 {[%emt 0:00:02]} Re6 {
[%emt 0:00:03]} 35. f4 {[%emt 0:00:04]} Nf6 {[%emt 0:00:05]} 36. Kg3 {[%emt 0:
00:02]} Ne4+ {[%emt 0:00:01]} 37. Kf3 {[%emt 0:00:01]} Nd2+ {[%emt 0:00:01]}
38. Ke3 {[%emt 0:00:02]} Nf1+ {[%emt 0:00:01]} 39. Ke4 {[%emt 0:00:02]} Nd2+ {
[%emt 0:00:04]} 40. Kd5 {[%emt 0:00:01]} Rf6 {[%emt 0:00:05]} 41. c5 {[%emt 0:
00:01]} Nf1 {[%emt 0:00:10]} 42. c6 {[%emt 0:00:01]} Ne3+ {[%emt 0:00:01]} 43.
Ke4 {[%emt 0:00:01]} Nf5 {[%emt 0:00:04]} 44. c7 {[%emt 0:00:02]} Nd6+ {[%emt
0:00:01]} 45. Kd5 {[%emt 0:00:01]} Kh7 {[%emt 0:00:14] '} 46. Rb6 {[%emt 0:00:
04]} Nc8 {[%emt 0:00:06]} 47. Rxf6 {[%emt 0:00:01]} gxf6 {[%emt 0:00:00]} 48.
Nf7 {[%emt 0:00:01]} Kg7 {[%emt 0:00:04]} 49. Nd6 {[%emt 0:00:01]} Ne7+ {[%emt
0:00:01]} 50. Ke6 {[%emt 0:00:01]} Kf8 {[%emt 0:00:02]} 51. c8=Q+ {[%emt 0:00:
01]} Nxc8 {[%emt 0:00:01]} 52. Nxc8 {[%emt 0:00:00]} Kg7 {[%emt 0:00:00]} 53.
Nd6 {[%emt 0:00:02]} Kg6 {[%emt 0:00:00]} 54. g4 {[%emt 0:00:03]} h5 {[%emt 0:
00:01]} 55. b4 {[%emt 0:00:02]} Kh6 {[%emt 0:00:00]} 56. a4 {[%emt 0:00:02]}
Kg6 {[%emt 0:00:01]} 57. b5 {[%emt 0:00:01]} a5 {[%emt 0:00:01]} 58. b6 {[%emt
0:00:01]} hxg4 {[%emt 0:00:00]} 59. hxg4 {[%emt 0:00:02]} f5 {[%emt 0:00:00]}
60. gxf5+ {[%emt 0:00:03]} Kh5 {[%emt 0:00:01]} 61. b7 {[%emt 0:00:01]} Kg4 {
[%emt 0:00:00]} 62. b8=Q {[%emt 0:00:00]} Kf3 {[%emt 0:00:00]} 63. Qb3+ {[%emt
0:00:01]} Kg4 {[%emt 0:00:00]} 64. Qe3 {[%emt 0:00:03]} Kh4 {[%emt 0:00:02]}
65. Qg1 {[%emt 0:00:01]} Kh3 {[%emt 0:00:01]} 66. Ne4 {[%emt 0:00:01]} Kh4 {
[%emt 0:00:01]} 67. Qg3+ {[%emt 0:00:01]} Kh5 {[%emt 0:00:01]} 68. Qg5# {[%emt
0:00:04]} 1-0